<?xml version="1.0" encoding="UTF-8"?>
<record
    xmlns:xsi="http://www.w3.org/2001/XMLSchema-instance"
    xsi:schemaLocation="http://www.loc.gov/MARC21/slim http://www.loc.gov/standards/marcxml/schema/MARC21slim.xsd"
    xmlns="http://www.loc.gov/MARC21/slim">

  <leader>01696pam a2200217   4500</leader>
  <controlfield tag="001">8648</controlfield>
  <controlfield tag="005">20181127190437.0</controlfield>
  <controlfield tag="008">831003s1984    vaua          001 0 eng</controlfield>
  <datafield tag="010" ind1=" " ind2=" ">
    <subfield code="a">83021237</subfield>
  </datafield>
  <datafield tag="020" ind1=" " ind2=" ">
    <subfield code="a">9780071105828</subfield>
    <subfield code="c"></subfield>
  </datafield>
  <datafield tag="100" ind1="1" ind2=" ">
    <subfield code="a">Bell, David A.,</subfield>
    <subfield code="d">1930-</subfield>
  </datafield>
  <datafield tag="245" ind1="1" ind2="0">
    <subfield code="a">Fundamentals of electric circuits /</subfield>
    <subfield code="c">David A. Bell</subfield>
  </datafield>
  <datafield tag="250" ind1=" " ind2=" ">
    <subfield code="a">3rd ed</subfield>
  </datafield>
  <datafield tag="260" ind1=" " ind2=" ">
    <subfield code="a">Reston, Va. :</subfield>
    <subfield code="b">Reston Pub. Co.,</subfield>
    <subfield code="c">2007.</subfield>
  </datafield>
  <datafield tag="300" ind1=" " ind2=" ">
    <subfield code="a">xvi, 847 p. :</subfield>
    <subfield code="b">ill. ;</subfield>
    <subfield code="c">25 cm</subfield>
  </datafield>
  <datafield tag="500" ind1=" " ind2=" ">
    <subfield code="a">Includes index</subfield>
  </datafield>
  <datafield tag="505" ind1=" " ind2=" ">
    <subfield code="a">CONTENTS : Part 1 DC Circuits1 Basic Concepts2 Basic  Laws3 Methods of Analysis4 Circuit Theorems5 Operational  Amplifiers6 Capacitors and Inductors7 First-Order  Circuits8 Second-Order CircuitsPart 2 AC Circuits9  Sinusoids and Phasors10 Sinusoidal Steady-State  Analysis11 AC Power Analysis12 Three-Phase Circuits13  Magnetically Coupled Circuits14 Frequency ResponsePart 3  Advanced Circuit Analysis15 Introduction to the Laplace  Transform16 Applications of the Laplace Transform17 The  Fourier Series18 Fourier Transform19 Two-Port  NetworksAppendix A Simultaneous Equations and Matrix  InversionAppendix B Complex NumbersAppendix C  Mathematical FormulasAppendix D PSpice for  WindowsAppendix E MATLABAppendix F KCIDEAppendix G  Answers to Odd-Numbered Problems</subfield>
    <subfield code="g"></subfield>
    <subfield code="r"></subfield>
    <subfield code="t"></subfield>
  </datafield>
  <datafield tag="520" ind1=" " ind2=" ">
    <subfield code="a">Presenting circuit analysis, this book introduces students  to the sound, six-step problem solving methodology in  chapter one, and makes them apply and practice these steps  in practice problems and homework problems. It features: a  balance of theory, worked examples and extended examples,  practice problems, and real-world applications.</subfield>
  </datafield>
  <datafield tag="650" ind1=" " ind2="0">
    <subfield code="a">Electric circuits</subfield>
  </datafield>
  <datafield tag="999" ind1=" " ind2=" ">
    <subfield code="c">7495</subfield>
    <subfield code="d">7495</subfield>
  </datafield>
  <datafield tag="952" ind1=" " ind2=" ">
    <subfield code="0">0</subfield>
    <subfield code="1">0</subfield>
    <subfield code="2">ddc</subfield>
    <subfield code="4">0</subfield>
    <subfield code="7">0</subfield>
    <subfield code="8">MAIN</subfield>
    <subfield code="a">RTCLIB</subfield>
    <subfield code="b">RTCLIB</subfield>
    <subfield code="c">MAIN</subfield>
    <subfield code="d">2021-08-24</subfield>
    <subfield code="h"> </subfield>
    <subfield code="i">13126</subfield>
    <subfield code="l">1</subfield>
    <subfield code="o">621.3 ALE</subfield>
    <subfield code="p">30013037</subfield>
    <subfield code="r">2021-09-08 00:00:00</subfield>
    <subfield code="s">2021-08-24</subfield>
    <subfield code="w">2018-11-27</subfield>
    <subfield code="y">MAIN</subfield>
  </datafield>
</record>
